| 000 | 00952nam a2200277 i 4500 | ||
|---|---|---|---|
| 003 | EG-GICUC | ||
| 005 | 20260209200251.0 | ||
| 008 | 260209s1902 ge ||||fr|||| 000 0 ger d | ||
| 040 |
_aEG-GiCUC _bger _cEG-GiCUC _dEG-GiCUC _eRda |
||
| 082 | 0 | 4 |
_221 _a341.78 _bME . I |
| 092 | 0 | 4 | _221 |
| 099 | _aLaw1 11 341.78 ME . I 1902 | ||
| 100 | 1 |
_aMeili, F _eAuthor. |
|
| 245 | 1 | 4 |
_aDas Internationale Civil- Und Handelsrecht : _bAuf Grund Der Theorie, Gesetzgebung Und Praxis / _cF. Meili. _n |
| 264 | 1 |
_aZürich : _bDruck Und Verlag: Art. Institut Orell Füssli, _c1902. |
|
| 300 |
_a405page : _billustration ; _c 24 cm. |
||
| 336 |
_2rda contenu _a texte |
||
| 337 |
_2rda medias _aOrdinateur |
||
| 338 |
_2 transporteur rda _a Ressource en ligne |
||
| 546 | _a Text in German | ||
| 650 | 1 | 4 |
_aDroit international public _2 |
| 651 | 1 | _2 | |
| 856 | 4 | 0 | _uhttps://fll.law.cu.edu.eg/fulltext/bks/B11-07354.pdf |
| 905 | _a50 | ||
| 942 |
_2ddc _cBK _e21 _n0 |
||
| 999 |
_c62077 _d62077 |
||